Regional perspective on dry farming (Record no. 351922)

000 -LEADER
fixed length control field 00354cam a22001217a 4500
008 - FIXED-LENGTH DATA ELEMENTS--GENERAL INFORMATION
fixed length control field 180718b1989 xxu||||| |||| 00| 0 eng d
082 ## - DEWEY DECIMAL CLASSIFICATION NUMBER
Classification number Z3x5434 Q62
100 ## - MAIN ENTRY--PERSONAL NAME
Personal name Qureshi, Salahuddin
245 ## - TITLE STATEMENT
Title Regional perspective on dry farming
Statement of responsibility, etc. by Salahuddin Qureshi
260 ## - PUBLICATION, DISTRIBUTION, ETC.
Place of publication, distribution, etc. Jaipur
Name of publisher, distributor, etc. Rawat
Date of publication, distribution, etc. 1989
300 ## - PHYSICAL DESCRIPTION
Extent 219p.
650 ## - SUBJECT ADDED ENTRY--TOPICAL TERM
Topical term or geographic name entry element Dry farming - India - Rajasthan
Holdings
Withdrawn status Lost status Damaged status Not for loan Permanent Location Current Location Date acquired Full call number Barcode Date last seen Price effective from Koha item type
        Indian Institute of Public Administration Indian Institute of Public Administration 1993-11-18 Z3x5434 Q62 64630 2018-07-21 2018-07-21 Book

Powered by Koha